Raod Engineering (Record no. 547373)
[ view plain ]
| 000 -LEADER | |
|---|---|
| fixed length control field | 00288nam a22001217a 4500 |
| 082 ## - DEWEY DECIMAL CLASSIFICATION NUMBER | |
| Classification number | 625.7 |
| Author Mark | LEE |
| -- | L-tech, p-91 |
| 100 ## - MAIN ENTRY--PERSONAL NAME | |
| Personal name | Leeming, E.L |
| 9 (RLIN) | 43577 |
| 245 ## - TITLE STATEMENT | |
| Title | Raod Engineering |
| 260 ## - PUBLICATION, DISTRIBUTION, ETC. | |
| Place of publication, distribution, etc. | Sydney |
| 526 ## - STUDY PROGRAM INFORMATION NOTE | |
| Program name | 0 |
| Interest level | 0 |
| Reading level | 0 |
| Title point value | 625_700000000000000_LEE |
| 650 ## - SUBJECT ADDED ENTRY--TOPICAL TERM | |
| Topical term or geographic name entry element | MCE |
| 9 (RLIN) | 379 |
| 942 ## - ADDED ENTRY ELEMENTS (KOHA) | |
| Source of classification or shelving scheme | |
| Koha item type | Book |
| Withdrawn status | Lost status | Source of classification or shelving scheme | Damaged status | Not for loan | Permanent Location | Current Location | Date acquired | Total Checkouts | Full call number | Barcode | Date last seen | Price effective from | Koha item type |
|---|---|---|---|---|---|---|---|---|---|---|---|---|---|
| Military College of Engineering (MCE) | Military College of Engineering (MCE) | 07/11/2014 | 625.7 LEE | MCE-40011 | 07/11/2014 | 07/11/2014 | Book |
